Todas las antiguas banderas del mundo - Estadísticas

Estadísticas generales
  • Esta prueba ha sido intentada 179 veces
  • La puntuación promedio es 64 de 196
Estadísticas de respuestas
Imagen Respuesta % Correcto
Estados Unidos
98%
Reino Unido
97%
Australia
96%
Francia
87%
Italia
87%
Rusia
87%
Bulgaria
85%
Países Bajos
83%
Costa de Marfil
82%
Hungría
81%
Corea del Sur
79%
Japón
74%
Bangladés
73%
Nueva Zelanda
72%
Noruega
69%
Albania
68%
Chipre
68%
Israel
68%
Suiza
68%
Irlanda
67%
Ciudad del Vaticano
66%
Kosovo
66%
Nepal
66%
Canadá
65%
Suecia
65%
Turquía
65%
Bután
64%
República Dominicana
64%
Níger
62%
Túnez
62%
Bélgica
61%
España
61%
Líbano
61%
México
60%
India
59%
Perú
59%
Austria
57%
Arabia Saudita
56%
Polonia
55%
Uruguay
54%
Filipinas
53%
Camerún
51%
Venezuela
51%
Maldivas
50%
Mónaco
50%
Omán
50%
Sudán del Sur
50%
Cuba
49%
Siria
49%
Mauritania
48%
Irak
47%
Jordania
47%
Papúa Nueva Guinea
47%
Turkmenistán
47%
Panamá
46%
Taiwán
46%
Chile
45%
Grecia
44%
Guinea Ecuatorial
43%
Mozambique
43%
Suazilandia
43%
Sudáfrica
43%
Argentina
42%
Gabón
42%
Liberia
42%
Serbia
42%
Alemania
41%
Croacia
41%
Paraguay
41%
Eritrea
40%
Namibia
40%
Vietnam
40%
Brasil
39%
Honduras
39%
Libia
39%
Brunéi
38%
Ruanda
38%
Angola
37%
Belice
37%
Irán
37%
Somalia
37%
Afganistán
36%
Corea del Norte
36%
Dinamarca
36%
Liechtenstein
36%
Yibuti
36%
Burundi
35%
Costa Rica
35%
El Salvador
35%
Haití
35%
Mongolia
34%
Santo Tomé y Príncipe
34%
Andorra
33%
China
33%
Islandia
33%
Baréin
31%
Estados Federados de Micronesia
31%
Kiribati
31%
Malaui
31%
Nicaragua
31%
Rumania
29%
Sri Lanka
29%
Chad
28%
Colombia
28%
Macedonia del Norte
28%
Zambia
28%
Guatemala
27%
Malí
27%
Portugal
27%
Catar
26%
Ecuador
25%
Etiopía
25%
República Centroafricana
25%
Guinea
24%
Guinea-Bissau
24%
Tailandia
24%
Georgia
23%
Santa Lucía
23%
Finlandia
22%
Luxemburgo
21%
Egipto
20%
República Democrática del Congo
20%
Madagascar
18%
Montenegro
18%
Pakistán
18%
Yemen
18%
Laos
17%
Malta
17%
San Marino
17%
Kazajistán
16%
Uzbekistán
16%
Camboya
15%
Marruecos
15%
Myanmar
15%
Barbados
14%
Comoras
14%
Indonesia
14%
Azerbaiyán
13%
Bielorrusia
13%
Eslovenia
13%
Ghana
13%
San Vicente y las Granadinas
13%
Tanzania
13%
Tayikistán
13%
Uganda
13%
Bosnia y Herzegovina
12%
Eslovaquia
12%
Estonia
11%
Moldavia
10%
Timor Oriental
10%
Zimbabue
10%
Kuwait
9%
Ucrania
9%
Bahamas
8%
Lituania
7%
Burkina Faso
6%
Emiratos Árabes Unidos
6%
Jamaica
6%
Letonia
6%
República Checa
6%
Botsuana
5%
Dominica
5%
Sudán
5%
Armenia
4%
Fiyi
4%
Lesoto
4%
Malasia
4%
Palaos
4%
Benín
3%
Bolivia
3%
Seychelles
3%
Surinam
3%
Tuvalu
3%
Antigua y Barbuda
2%
Argelia
2%
Cabo Verde
2%
Gambia
2%
Islas Marshall
2%
Kenia
2%
Mauricio
2%
Nauru
2%
Nigeria
2%
República del Congo
2%
Senegal
2%
Singapur
2%
Tonga
2%
Vanuatu
2%
Granada
1%
Guyana
1%
Togo
1%
Islas Salomón
0%
Kirguistán
0%
Samoa
0%
San Cristóbal y Nieves
0%
Sierra Leona
0%
Trinidad y Tobago
0%
No se encontraron pruebas coincidentes
Distribución de puntuación
Porcentaje de gente con cada puntuación
Porcentaje por número respondido
Historial de tus puntuaciones
No has intentado esta prueba.